00526nam a2200193Ia 4500003000900000008004100009040001300050040001300063041000800076100002500084245011200109250001000221260001200231260000900243300001100252300001000263490005000273490000900323IT-RoPAU120407s9999 xx 000 0 und d aIT-RoPAU cIT-RoPAU afra aBernard D’Espagnat aConception de la physique contemporaine . Les interprétations de la mécanique quantique et de la mesure aParis aHermann c1965 a154 p. c24 cm a Actualités scientifiques et industrielles v1320